Volver al éxito de lo nuevo /
En este artículo se intenta reconceptualizar lo exótico y la alteridad siguiendo las aproximaciones foucaultianas, arqueológicas y genealógicas, al concepto de I' homme. La intención del autor es discutir las posibilidades de una antropología de lo contemporáneo a la hora de crear un proyecto c...
Guardado en:
| Hovedforfatter: | |
|---|---|
| Format: | Texto |
| Fag: | |
| Tags: |
Tilføj Tag
Ingen Tags, Vær først til at tagge denne postø!
|
MARC
| LEADER | 00000 a a2200000 04500 | ||
|---|---|---|---|
| 001 | 41512 | ||
| 003 | |||
| 040 | |||
| 100 | |a Fernández de Rota, Antón | ||
| 245 | |a Volver al éxito de lo nuevo / |c Antón Fernández de Rota | ||
| 520 | |a En este artículo se intenta reconceptualizar lo exótico y la alteridad siguiendo las aproximaciones foucaultianas, arqueológicas y genealógicas, al concepto de I' homme. La intención del autor es discutir las posibilidades de una antropología de lo contemporáneo a la hora de crear un proyecto crítico que tome la figura del anthopos de un modo nominalista, intentando rearticular esta cuestión en el trasfondo del ejercicio del ejercicio de la resistencia y los retos planteados por los movimientos sociales emergentes. | ||
| 590 | |a RRA/AGOSTO2011 | ||
| 650 | |a 1.ANTROPOLOGIA | ||
| 650 | |a 2.TEORIA | ||
| 650 | |a 3.CULTURA | ||
| 650 | |a 4.PLURALISMO CULTURAL | ||
| 773 | |g número10 (11 de mayo , 2009), páginas 77-121 | ||
| 999 | |c 35759 |d 35759 | ||
